Online
Catalog

Convenio de Estocolmo sobre contaminantes orgánicos persistentes. (Record no. 25416)

MARC details
000 -CABECERA
campo de control de longitud fija 00843nam a2200217 a 4500
001 - NÚMERO DE CONTROL
campo de control 000025924
005 - FECHA Y HORA DE LA ÚLTIMA TRANSACCIÓN
campo de control 20240521134623.0
008 - DATOS DE LONGITUD FIJA--INFORMACIÓN GENERAL
campo de control de longitud fija 110224s2001 dr 000 0 spa d
040 ## - FUENTE DE LA CATALOGACIÓN
Centro catalogador/agencia de origen DO-SdBNP
Lengua de catalogación spa
Centro/agencia transcriptor BNPHU
082 ## - NÚMERO DE LA CLASIFICACIÓN DECIMAL DEWEY
Número de clasificación 354.34
Número de documento/Ítem C748p
111 2# - ENTRADA PRINCIPAL--NOMBRE DE CONGRESO/REUNIÓN
Nombre de congreso/reunión o jurisdicción como elemento de entrada Conferencia de plenipotenciarios
Fecha del congreso/reunión (2001 may. 22-23 :
Sede del congreso/Lugar de la reunión Estocolmo)
9 (RLIN) 52783
245 10 - MENCIÓN DE TÍTULO
Título Convenio de Estocolmo sobre contaminantes orgánicos persistentes.
260 ## - PUBLICACIÓN, DISTRIBUCIÓN, ETC.
Lugar de publicación, distribución, etc. Santo Domingo :
Nombre del editor, distribuidor, etc. Secretaría de Estado de Médico Ambiente y Recursos Naturales,
Fecha de publicación, distribución, etc. 2001.
300 ## - DESCRIPCIÓN FÍSICA
Extensión 45 p. ;
Dimensiones 21 cm.
590 ## - NOTA LOCAL (RLIN)
Nota local Inventariado, 2018/MFF
650 #0 - PUNTO DE ACCESO ADICIONAL DE MATERIA--TÉRMINO DE MATERIA
Término de materia o nombre geográfico como elemento de entrada Política ambiental
9 (RLIN) 7280
650 #4 - PUNTO DE ACCESO ADICIONAL DE MATERIA--TÉRMINO DE MATERIA
Término de materia o nombre geográfico como elemento de entrada Contaminantes orgánicos
Subdivisión general Legislación
9 (RLIN) 52784
650 #4 - PUNTO DE ACCESO ADICIONAL DE MATERIA--TÉRMINO DE MATERIA
Término de materia o nombre geográfico como elemento de entrada Contaminantes persistentes
Subdivisión general Legislación
9 (RLIN) 52785
650 #4 - PUNTO DE ACCESO ADICIONAL DE MATERIA--TÉRMINO DE MATERIA
Término de materia o nombre geográfico como elemento de entrada Protección del medio ambiente
9 (RLIN) 4185
910 ## - DATOS DE OPCIÓN DEL USUARIO (OCLC)
Datos de opción del usuario Validado. Control de calidad EMS
Holdings
Estado de retiro Estado de pérdida No para préstamo Código de colección Localización permanente Ubicación/localización actual Ubicación en estantería Fecha de adquisición Número de inventario Total de préstamos Signatura topográfica completa Código de barras Fecha visto por última vez Precio válido a partir de Tipo de ítem Koha Número de copia
    Excluido de préstamo Patrimonio Dominicano Patrimonio Dominicano Patrimonio Dominicano Depósito 24.02.2011 LF1   354.34 C748p 25924-10 25.06.2020 25.06.2020 Libro y Folleto Colección Patrimonio Dominicano  
    Excluido de préstamo Patrimonio Dominicano Patrimonio Dominicano Patrimonio Dominicano Depósito 25.06.2013 LF1   354.34 C748p 25924-20 25.06.2020 25.06.2020 Libro y Folleto Colección Patrimonio Dominicano e. 2

Powered by Koha